Salta al contenuto

Менеджмент. Национальные модели менеджмента. Методы управления. Организация как объект управления: практическое пособие

Практическое пособие предназначено для организации управляемой самостоятельной работы студентов. Цель издания – формирование у будущих валифицированных специалистов в области бизнес-администрирования комплекса знаний и практических навыков, необходимых при разработке и применении методов и инструмен...

Descrizione completa

Salvato in:
Dettagli Bibliografici
Autore principale: Орлова А. В.
Natura: Книга
Lingua:Russian
Pubblicazione: Гомель ГГУ имени Ф. Скорины 2022
Soggetti:
Accesso online:https://e.lanbook.com/book/320936
https://e.lanbook.com/img/cover/book/320936.jpg
Tags: Aggiungi Tag
Nessun Tag, puoi essere il primo ad aggiungerne! !
LEADER 02148nam0a2200301 i 4500
001 320936
003 RuSpLAN
005 20240216150941.0
008 240216s2022 ru gs 000 0 rus
020 |a 978-985-577-844-9 
040 |a RuSpLAN 
041 0 |a rus 
044 |a ru 
080 |a 005(076) 
084 |a 65.291.21я73  |2 rubbk 
245 0 0 |a Менеджмент. Национальные модели менеджмента. Методы управления. Организация как объект управления: практическое пособие  |c Орлова А. В. 
260 |a Гомель  |b ГГУ имени Ф. Скорины  |c 2022 
300 |a 44 с. 
504 |a Библиогр.: доступна в карточке книги, на сайте ЭБС Лань 
520 8 |a Практическое пособие предназначено для организации управляемой самостоятельной работы студентов. Цель издания – формирование у будущих валифицированных специалистов в области бизнес-администрирования комплекса знаний и практических навыков, необходимых при разработке и применении методов и инструментов современного управления для повышения эффективности функционирования производственных систем. Адресовано студентам специальности 1–26 02 01 «Бизнесадминистрирование». 
521 8 |a Книга из коллекции ГГУ имени Ф. Скорины - Экономика и менеджмент 
521 8 |a СЭБ 
653 0 |a методы управления 
653 0 |a модели управления 
100 1 |a Орлова А. В. 
856 4 |u https://e.lanbook.com/book/320936 
856 4 8 |u https://e.lanbook.com/img/cover/book/320936.jpg 
953 |a https://e.lanbook.com/img/cover/book/320936.jpg 
Cannot write session to /tmp/vufind_sessions/sess_1e2jad7l8b6f02es2g5jet29rf